00478nam a2200121Ia 4500008004100000245014600041260002400187260000900211300000800220650002300228650001200251856009300263170516s9999 xx 000 0 und d aCognitive tasks and cerebral blood flow through anterior cerebral arteries: a study via functional transcranial Doppler ultrasound recordings bBMC Medical Imaging c2016 a16: xMedical Technology xMedtech uhttp://bmcmedimaging.biomedcentral.com/articles?query=&volume=16&searchType=&tab=keyword